00491 2200205 4500001002100000008004100021035002000062245005300082100001700135250000600152260003200158300001200190084001400202082000800216650001300224990001200237990001200249990001200261990001200273INLIS000000000000716 ind  a0010-0424000692 aHaving Fun With Adobe Photoshop CS5cRonald Budi aBudi, Ronald a1 aYogyakarta :bSkriptac2011 a202 hlm a600 RON h a600 aNonfiksi a0721944 a0721945 a0721946 a0721947